|
|
|
|
| LEADER |
00884pam a22002658a 4500 |
| 001 |
00045368 |
| 005 |
20200218160218.0 |
| 008 |
170920s2016 ||||||Viesd |
| 020 |
# |
# |
|c 0
|
| 041 |
0 |
# |
|a Eng
|
| 082 |
1 |
4 |
|a 304.2
|b H511G
|
| 100 |
# |
# |
|a Knox, Paul L.
|
| 245 |
0 |
0 |
|a Human geography
|c Paul L. Knox, Sallie A. Marston.
|b Places and regions in global context
|
| 250 |
# |
# |
|a 6th ed.
|
| 260 |
# |
# |
|a New York
|b Pearson
|c 2013
|
| 300 |
# |
# |
|a xxiii, 445 p.
|c 28 cm
|
| 653 |
# |
# |
|a Khu vực
|
| 653 |
# |
# |
|a Môi trường
|
| 653 |
# |
# |
|a Thế giới
|
| 653 |
# |
# |
|a Xã hội
|
| 653 |
# |
# |
|a Địa lý
|
| 700 |
# |
# |
|a Marston, Sallie A.
|
| 852 |
# |
# |
|j KM.0033835
|j KM.0033836
|j KM.0033837
|j KM.0033838
|j KM.0033839
|j KM.0033840
|j KM.0033841
|j KM.0033842
|j KM.0033843
|j KD.0026699
|
| 910 |
# |
# |
|d 18/2/2020
|
| 980 |
# |
# |
|a Trung tâm Học liệu Lê Vũ Hùng, Trường Đại học Đồng Tháp
|